Normal view
MARC view
- Sharp, John
Entry Personal Name
001 - CONTROL NUMBER
- control field: 97225
003 - CONTROL NUMBER IDENTIFIER
- control field: NUST
005 - DATE AND TIME OF LATEST TRANSACTION
- control field: 20220815150407.0
008 - FIXED-LENGTH DATA ELEMENTS
- fixed length control field: 220815|| aca||aabn | a|a d
040 ## - CATALOGING SOURCE
- Original cataloging agency: NUST
- Transcribing agency: NUST
100 ## - HEADING--PERSONAL NAME
- Personal name: Sharp, John
670 ## - SOURCE DATA FOUND
- Source citation: Work cat.: (NUST)190871: Sharp, John,, Microsoft Visual C# 2010 step by step /, c2010.
